MARC details
| 000 -LEADER |
| fixed length control field |
04626cgm a2200985Mi 4500 |
| 001 - CONTROL NUMBER |
| control field |
on1048027341 |
| 003 - CONTROL NUMBER IDENTIFIER |
| control field |
OCoLC |
| 005 - DATE AND TIME OF LATEST TRANSACTION |
| control field |
20251212101451.0 |
| 007 - PHYSICAL DESCRIPTION FIXED FIELD--GENERAL INFORMATION |
| fixed length control field |
vd cvaizq |
| 008 - FIXED-LENGTH DATA ELEMENTS--GENERAL INFORMATION |
| fixed length control field |
160927s2016 nyu300 vleng d |
| 024 1# - OTHER STANDARD IDENTIFIER |
| Standard number or code |
741952809692 |
| 028 42 - PUBLISHER NUMBER |
| Publisher number |
EOE-DV-8096 |
| Source |
Entertainment One Film US |
| 028 42 - PUBLISHER NUMBER |
| Publisher number |
EOE-DV-8096A |
| Source |
Entertainment One Film US |
| 028 42 - PUBLISHER NUMBER |
| Publisher number |
EOE-DV-8096B |
| Source |
Entertainment One Film US |
| 035 ## - SYSTEM CONTROL NUMBER |
| System control number |
(OCoLC)1048027341 |
| 037 ## - SOURCE OF ACQUISITION |
| Form of issue |
(set) |
| Terms of availability |
$30.99 |
| 040 ## - CATALOGING SOURCE |
| Original cataloging agency |
SPP |
| Language of cataloging |
eng |
| Description conventions |
rda |
| Transcribing agency |
SPP |
| Modifying agency |
OCLCO |
| -- |
OCLCF |
| -- |
UINTA |
| 041 0# - LANGUAGE CODE |
| Language code of text/sound track or separate title |
eng |
| 043 ## - GEOGRAPHIC AREA CODE |
| Geographic area code |
n-us--- |
| 049 ## - LOCAL HOLDINGS (OCLC) |
| Holding library |
UCLB |
| 092 ## - LOCALLY ASSIGNED DEWEY CALL NUMBER (OCLC) |
| Item number |
DVD |
| 245 00 - TITLE STATEMENT |
| Title |
Hell on wheels. Season 5. Vol. 2 |
| Remainder of title |
the final episodes / |
| 246 3# - VARYING FORM OF TITLE |
| Title proper/short title |
Hell on wheels. |
| Number of part/section of a work |
The fifth year, |
| Name of part/section of a work |
Vol. 2 |
| 246 3# - VARYING FORM OF TITLE |
| Title proper/short title |
Hell on wheels. |
| Number of part/section of a work |
The final year, |
| Name of part/section of a work |
Vol. 2 |
| 246 3# - VARYING FORM OF TITLE |
| Title proper/short title |
Hell on wheels. |
| Number of part/section of a work |
Season five, |
| Name of part/section of a work |
Vol. 2 |
| 264 #1 - Production, Publication, Distribution, Manufacture, and Copyright Notice. |
| Place of production, publication, distribution, manufacture |
Port Washington, NY : |
| Name of producer, publisher, distributor, manufacturer |
Entertainment One Film US, Wirthwhile TV ; Entertainment One ; Nomadic Pictures ; Endemol Shine Studios ; producers, Anson Mount, Thomas Brady, Peter Chomsky ; created by Joe Gayton & Tony Gayton. |
| Date of production, publication, distribution, manufacture, or copyr |
[2016] |
| 300 ## - PHYSICAL DESCRIPTION |
| Extent |
2 videodiscs (ca. 300 min.) : |
| Other physical details |
sound, color ; |
| Dimensions |
4 3/4 in. |
| 336 ## - Content Type |
| Content type term |
two-dimensional moving image |
| 337 ## - Media type |
| Media type term |
video |
| 338 ## - Carrier type |
| Carrier type term |
videodisc |
| 500 ## - GENERAL NOTE |
| General note |
Originally broadcast as single episodes of a television program on the AMC Network in 2016. |
| 500 ## - GENERAL NOTE |
| General note |
Widescreen (16x9, 1.78:1). |
| 500 ## - GENERAL NOTE |
| General note |
Special features: A look at the final episodes; Golden spike; Wrap up; Inside the episodes (x7). |
| 505 00 - FORMATTED CONTENTS NOTE |
| Miscellaneous information |
Disc 1. |
| Title |
Two soldiers -- |
| -- |
Return to the garden -- |
| -- |
61 degrees -- |
| -- |
Gambit -- |
| Miscellaneous information |
Disc 2. |
| Title |
Any sum within reason -- |
| -- |
Railroad men -- |
| -- |
Done. |
| 511 1# - PARTICIPANT OR PERFORMER NOTE |
| Participant or performer note |
Anson Mount, Colm Meaney, Christopher Heyerdahl, Mackenzie Porter, Phil Burke, Robin McLeavy. |
| 520 ## - SUMMARY, ETC. |
| Summary, etc |
Cullen Bohannon, a former soldier and slaveholder, follows the track of Union soldiers, who killed his wife. This brings him to the middle of one of the biggest projects in US history, the building of the railroad. After the war years in the 1860s, this connected the east with the still wild west. |
| 521 8# - TARGET AUDIENCE NOTE |
| Target audience note |
Rating: TV14. |
| 538 ## - SYSTEM DETAILS NOTE |
| System details note |
DVD, widescreen (16x9, 1.78:1); 5.1, 2.0 Dolby digital. |
| 540 ## - TERMS GOVERNING USE AND REPRODUCTION NOTE |
| Terms governing use and reproduction |
Home use only. |
| 540 ## - TERMS GOVERNING USE AND REPRODUCTION NOTE |
| Terms governing use and reproduction |
Copy protected. |
| 546 ## - LANGUAGE NOTE |
| Language note |
Subtitled for the deaf and hard of hearing (SDH). |
| 610 20 - SUBJECT ADDED ENTRY--CORPORATE NAME |
| Corporate name or jurisdiction name as entry element |
Union Pacific Railroad Company |
| General subdivision |
History |
| Form subdivision |
Drama. |
| 9 (RLIN) |
5756803 |
| 610 27 - SUBJECT ADDED ENTRY--CORPORATE NAME |
| Corporate name or jurisdiction name as entry element |
Union Pacific Railroad Company. |
| Source of heading or term |
fast |
| 9 (RLIN) |
14338 |
| 611 27 - SUBJECT ADDED ENTRY--MEETING NAME |
| Meeting name or jurisdiction name as entry element |
American Civil War (1861-1865) |
| Source of heading or term |
fast |
| 9 (RLIN) |
5679966 |
| 648 #7 - SUBJECT ADDED ENTRY--CHRONOLOGICAL TERM |
| Chronological term |
1800-1899 |
| Source of heading or term |
fast |
| 9 (RLIN) |
5678697 |
| 650 #0 - SUBJECT ADDED ENTRY--TOPICAL TERM |
| Topical term or geographic name as entry element |
Soldiers |
| Geographic subdivision |
Confederate States of America |
| Chronological subdivision |
19th century |
| Form subdivision |
Drama. |
| 9 (RLIN) |
5756804 |
| 650 #0 - SUBJECT ADDED ENTRY--TOPICAL TERM |
| Topical term or geographic name as entry element |
Revenge |
| Form subdivision |
Drama. |
| 9 (RLIN) |
5697951 |
| 650 #0 - SUBJECT ADDED ENTRY--TOPICAL TERM |
| Topical term or geographic name as entry element |
Railroads |
| Geographic subdivision |
United States |
| General subdivision |
History |
| Chronological subdivision |
19th century |
| Form subdivision |
Drama. |
| 9 (RLIN) |
5756805 |
| 650 #0 - SUBJECT ADDED ENTRY--TOPICAL TERM |
| Topical term or geographic name as entry element |
Railroad trains |
| Form subdivision |
Drama. |
| 9 (RLIN) |
5736962 |
| 650 #0 - SUBJECT ADDED ENTRY--TOPICAL TERM |
| Topical term or geographic name as entry element |
Frontier and pioneer life |
| Form subdivision |
Drama. |
| 9 (RLIN) |
5718638 |
| 650 #0 - SUBJECT ADDED ENTRY--TOPICAL TERM |
| Topical term or geographic name as entry element |
Western television programs. |
| 9 (RLIN) |
93851 |
| 650 #0 - SUBJECT ADDED ENTRY--TOPICAL TERM |
| Topical term or geographic name as entry element |
Historical television programs. |
| 9 (RLIN) |
85337 |
| 650 #0 - SUBJECT ADDED ENTRY--TOPICAL TERM |
| Topical term or geographic name as entry element |
Films for the hearing impaired. |
| 9 (RLIN) |
82528 |
| 650 #7 - SUBJECT ADDED ENTRY--TOPICAL TERM |
| Topical term or geographic name as entry element |
Films for the hearing impaired. |
| Source of heading or term |
fast |
| 9 (RLIN) |
82528 |
| 650 #7 - SUBJECT ADDED ENTRY--TOPICAL TERM |
| Topical term or geographic name as entry element |
Frontier and pioneer life. |
| Source of heading or term |
fast |
| 9 (RLIN) |
84376 |
| 650 #7 - SUBJECT ADDED ENTRY--TOPICAL TERM |
| Topical term or geographic name as entry element |
Historical television programs. |
| Source of heading or term |
fast |
| 9 (RLIN) |
85337 |
| 650 #7 - SUBJECT ADDED ENTRY--TOPICAL TERM |
| Topical term or geographic name as entry element |
Railroad trains. |
| Source of heading or term |
fast |
| 9 (RLIN) |
90374 |
| 650 #7 - SUBJECT ADDED ENTRY--TOPICAL TERM |
| Topical term or geographic name as entry element |
Railroads. |
| Source of heading or term |
fast |
| 9 (RLIN) |
90364 |
| 650 #7 - SUBJECT ADDED ENTRY--TOPICAL TERM |
| Topical term or geographic name as entry element |
Revenge. |
| Source of heading or term |
fast |
| 9 (RLIN) |
90689 |
| 650 #7 - SUBJECT ADDED ENTRY--TOPICAL TERM |
| Topical term or geographic name as entry element |
Soldiers. |
| Source of heading or term |
fast |
| 9 (RLIN) |
91788 |
| 650 #7 - SUBJECT ADDED ENTRY--TOPICAL TERM |
| Topical term or geographic name as entry element |
Territorial expansion. |
| Source of heading or term |
fast |
| 9 (RLIN) |
5756807 |
| 650 #7 - SUBJECT ADDED ENTRY--TOPICAL TERM |
| Topical term or geographic name as entry element |
Western television programs. |
| Source of heading or term |
fast |
| 9 (RLIN) |
93851 |
| 651 #0 - SUBJECT ADDED ENTRY--GEOGRAPHIC NAME |
| Geographic name |
United States |
| General subdivision |
History |
| Chronological subdivision |
Civil War, 1861-1865 |
| Form subdivision |
Drama. |
| 9 (RLIN) |
5673652 |
| 651 #0 - SUBJECT ADDED ENTRY--GEOGRAPHIC NAME |
| Geographic name |
United States |
| General subdivision |
Territorial expansion |
| -- |
History |
| Chronological subdivision |
19th century |
| Form subdivision |
Drama. |
| 9 (RLIN) |
5756806 |
| 651 #7 - SUBJECT ADDED ENTRY--GEOGRAPHIC NAME |
| Geographic name |
United States. |
| Source of heading or term |
fast |
| 9 (RLIN) |
5916 |
| 651 #7 - SUBJECT ADDED ENTRY--GEOGRAPHIC NAME |
| Geographic name |
United States |
| Geographic subdivision |
Confederate States of America. |
| Source of heading or term |
fast |
| 9 (RLIN) |
5715145 |
| 655 #7 - INDEX TERM--GENRE/FORM |
| Genre/form data or focus term |
Drama. |
| Source of term |
fast |
| 9 (RLIN) |
5673873 |
| 655 #7 - INDEX TERM--GENRE/FORM |
| Genre/form data or focus term |
History. |
| Source of term |
fast |
| 9 (RLIN) |
5675940 |
| 700 1# - ADDED ENTRY--PERSONAL NAME |
| Personal name |
Mount, Anson, |
| Dates associated with a name |
1973- |
| 9 (RLIN) |
69343 |
| 700 1# - ADDED ENTRY--PERSONAL NAME |
| Personal name |
Brady, Thomas |
| Titles and other words associated with a name |
(Producer) |
| 9 (RLIN) |
5756808 |
| 700 1# - ADDED ENTRY--PERSONAL NAME |
| Personal name |
Chomsky, Peter. |
| 9 (RLIN) |
5756809 |
| 700 1# - ADDED ENTRY--PERSONAL NAME |
| Personal name |
Gayton, Joe. |
| 9 (RLIN) |
5756810 |
| 700 1# - ADDED ENTRY--PERSONAL NAME |
| Personal name |
Gayton, Tony, |
| Dates associated with a name |
1959- |
| 9 (RLIN) |
70316 |
| 700 1# - ADDED ENTRY--PERSONAL NAME |
| Personal name |
Meaney, Colm, |
| Dates associated with a name |
1953- |
| 9 (RLIN) |
67529 |
| 700 1# - ADDED ENTRY--PERSONAL NAME |
| Personal name |
Heyerdahl, Christopher. |
| 9 (RLIN) |
71081 |
| 700 1# - ADDED ENTRY--PERSONAL NAME |
| Personal name |
Porter, MacKenzie, |
| Dates associated with a name |
1990- |
| 9 (RLIN) |
5756811 |
| 700 1# - ADDED ENTRY--PERSONAL NAME |
| Personal name |
Burke, Phil. |
| 9 (RLIN) |
5756812 |
| 700 1# - ADDED ENTRY--PERSONAL NAME |
| Personal name |
McLeavy, Robin. |
| 9 (RLIN) |
5756813 |
| 710 2# - ADDED ENTRY--CORPORATE NAME |
| Corporate name or jurisdiction name as entry element |
Arts and Entertainment Network. |
| 9 (RLIN) |
75776 |
| 710 2# - ADDED ENTRY--CORPORATE NAME |
| Corporate name or jurisdiction name as entry element |
E1 Entertainment (Firm) |
| 9 (RLIN) |
5709785 |
| 710 2# - ADDED ENTRY--CORPORATE NAME |
| Corporate name or jurisdiction name as entry element |
Wirthwhile TV. |
| 9 (RLIN) |
5756814 |
| 710 2# - ADDED ENTRY--CORPORATE NAME |
| Corporate name or jurisdiction name as entry element |
Nomadic Pictures (Calgary, Alta.) |
| 9 (RLIN) |
5756815 |
| 710 2# - ADDED ENTRY--CORPORATE NAME |
| Corporate name or jurisdiction name as entry element |
Endemol USA (Firm) |
| 9 (RLIN) |
5756816 |
| 942 ## - ADDED ENTRY ELEMENTS (KOHA) |
| Source of classification or shelving scheme |
Dewey Decimal Classification |
| Koha item type |
DVD Series |